Estland auf dem Weg zur Marktwirtschaft <Eine> Zwischenbilanz

Na minha lista:
Detalhes bibliográficos
Autor principal: Schrader, Klaus
Formato: Livro
Idioma:alemão
Publicado em: Kiel Institut für Weltwirtschaft 1994
Edição:1. Aufl.
Colecção:Kieler Diskussionsbeiträge 226
Assuntos:
Tags: Adicionar Tag
Sem tags, seja o primeiro a adicionar uma tag!

MARC

LEADER 00000nam a2200000 4500
001 c005390
005 20250512094149.3
020 |a 3-89456-066-5 
041 0 |a ger 
044 |a DE 
245 1 0 |a Estland auf dem Weg zur Marktwirtschaft  |b <Eine> Zwischenbilanz  |c Klaus Schrader 
250 |a 1. Aufl. 
264 1 |a Kiel  |b Institut für Weltwirtschaft  |c 1994 
300 |a 36 s. 
490 1 |a Kieler Diskussionsbeiträge  |v 226 
830 0 |a Kieler Diskussionsbeiträge  |v 226 
610 2 0 |a Estónsko 
610 2 0 |a hospodárstvo trhové 
610 2 0 |a rozvoj hospodársky 
610 2 0 |a reformy hospodárske 
610 2 0 |a poriadok právny 
610 2 0 |a vlastníctvo súkromné 
610 2 0 |a sektor súkromný 
610 2 0 |a reštitúcia 
610 2 0 |a privatizácia 
610 2 0 |a konkurencia 
610 2 0 |a trh 
610 2 0 |a politika menová 
610 2 0 |a politika peňažná 
610 2 0 |a politika fiškálna 
610 2 0 |a obchod zahraničný 
100 1 |a Schrader, Klaus